| 000 | 01430nam0a22003011 4500 | ||
|---|---|---|---|
| 001 | rc\4271495 | ||
| 005 | 20130416121046.3 | ||
| 021 |
_aRU _b[66-69553] |
||
| 035 | _a(NLR Aleph) 008488995 | ||
| 090 |
_a8037925 _c8037925 |
||
| 100 | _a20130416d1966 |||y0rusy50 ca | ||
| 101 | 0 | _arus | |
| 102 | _aRU | ||
| 105 | _ay z ||||| | ||
| 200 | 1 |
_aБорьба с вирусными болезнями сельскохозяйственных культур _e(Метод. материалы) _fМ-во сел. хоз-ва СССР. Глав. упр. защиты растений. Всесоюз. акад. с.-х. наук им. В.И. Ленина |
|
| 210 |
_aМосква _cКолос _d1966 |
||
| 215 |
_a19 с. _d21 |
||
| 300 | _aСост. разделов: канд. биол. наук Т.С. Дубоносов, Г.М. Развязкина, канд. с.-х. наук В.А. Агарков и др. | ||
| 606 |
_aСельскохозяйственные культуры _xБолезни вирусные _2psbo |
||
| 702 | 1 |
_aРазвязкина _bГ. М. _4220 |
|
| 702 | 1 |
_aАгарков _bВ. А. _4220 |
|
| 702 | 1 |
_aДубоносов _bТ. С. _4220 |
|
| 712 | 0 | 2 |
_aВсесоюзная академия сельско-хозяйственных наук им _bВ. И. Ленина _3RU\NLR\AUTH\8816954 |
| 801 | 0 |
_aRU _bNLR _gpsbo |
|
| 801 | 1 |
_aRU _bELAR _2rusmarc |
|
| 852 |
_aNLR _j66-6/10591 |
||
| 942 | _cBOOK | ||
| 980 | _aNB | ||